The status of teachers in Wisconsin/ (Record no. 20704)

MARC details
000 -LEADER
fixed length control field 00718cam a22002291a 4500
001 - CONTROL NUMBER
control field e 24000448
003 - CONTROL NUMBER IDENTIFIER
control field DLC
005 - DATE AND TIME OF LATEST TRANSACTION
control field 20260227111215.0
008 - FIXED-LENGTH DATA ELEMENTS--GENERAL INFORMATION
fixed length control field 830627q1923 wiua s000 0 eng c
010 ## - LIBRARY OF CONGRESS CONTROL NUMBER
LC control number e 24000448
035 ## - SYSTEM CONTROL NUMBER
System control number (OCoLC)9648821
040 ## - CATALOGING SOURCE
Original cataloging agency U.S. Off. of educ. Library
Transcribing agency WRfC
Modifying agency WRfC
-- DLC
042 ## - AUTHENTICATION CODE
Authentication code premarc
043 ## - GEOGRAPHIC AREA CODE
Geographic area code n-us-wi
050 00 - LIBRARY OF CONGRESS CALL NUMBER
Classification number LB1775
Item number .A5
100 1# - MAIN ENTRY--PERSONAL NAME
Personal name Anderson, Charles J.
Fuller form of name (Charles Joseph),
Dates associated with a name 1880-
245 14 - TITLE STATEMENT
Title The status of teachers in Wisconsin/
Statement of responsibility, etc. by C.J. Anderson.
260 ## - PUBLICATION, DISTRIBUTION, ETC.
Place of publication, distribution, etc. Madison :
Name of publisher, distributor, etc. Department of Public Instruction,
Date of publication, distribution, etc. [1923?]
300 ## - PHYSICAL DESCRIPTION
Extent 156 p. :
Other physical details ill. ;
Dimensions 23 cm.
650 #0 - SUBJECT ADDED ENTRY--TOPICAL TERM
Topical term or geographic name entry element Teachers
Geographic subdivision Wisconsin
710 1# - ADDED ENTRY--CORPORATE NAME
Corporate name or jurisdiction name as entry element Wisconsin.
Subordinate unit Department of Public Instruction.

No items available.

Powered by Koha